000 00155nam a22000857a 4500
082 _a823
100 _aMALLIKA KURUP
245 _aTHE GOLDEN MANGO
942 _cBK
999 _c8438
_d8438